000 00687nam a2200217 a 4500
001 BRCA_3896
005 20190320204451.0
008 050110s1862----fr-#######---#000-0#fre-#
041 _afre
044 _afr
050 4 _aF1233.M3
_b.G88 1862
100 1 _aGutiérrez de Estrada, M J M.
_910134
245 1 0 _aLe Mexique et l´archiduc Ferdinand Maximilien d´Autriche
_cM. J. M. Gutiérrez de Estrada.
260 _aParis
_bLibrairie de Garnier Freres
_c1862
300 _a79 p.
_c25 cm.
500 _aC107
600 1 4 _aMaximiliano
_cEmperador de México
_d1832-1867
_94582
651 4 _aMéxico
_xHistoria
_yIntervención francesa, 1861-1867
_910135
902 _aGFM
942 _2lcc
_cB
999 _c3624
_d3624